Сократ. Платон. Аристотель. Сенека. Бруно: Биографические очерки; Сократ. Его жизнь и философская деятельность; Платон. Его жизнь и философская деятельность; Аристотель. Его жизнь, научная и философская деятельность; Анней Сенека. Его жизнь и философская деятельность; Джордано Бруно. Его жизнь и философская деятельность

Bibliographic Details
Language:Russian
Published: СПб., Редактор, 1995
TOC:Сократ. Его жизнь и философская деятельность;
Платон. Его жизнь и философская деятельность;
Аристотель. Его жизнь, научная и философская деятельность;
Анней Сенека. Его жизнь и философская деятельность;
Джордано Бруно. Его жизнь и философская деятельность;
Series:ЖЗЛ; Биографическая библиотека Ф. Павленкова
Subjects:
Format: Book
KOHA link:https://koha.lib.tpu.ru/cgi-bin/koha/opac-detail.pl?biblionumber=1504

MARC

LEADER 00000nam0a2200000 4500
001 1504
005 20231101204205.0
035 |a (RuTPU)RU\TPU\book\1511 
035 |a BOOK00001513 
090 |a 1504 
100 |a 20011209d1995 m y0rusy50 ca 
101 0 |a rus 
102 |a RU 
105 |a y z 000zd 
200 1 |a Сократ. Платон. Аристотель. Сенека. Бруно  |e Биографические очерки 
210 |a СПб.  |c Редактор  |d 1995 
215 |a 326 с. 
225 1 |a ЖЗЛ; Биографическая библиотека Ф. Павленкова 
464 |t Сократ. Его жизнь и философская деятельность 
464 |t Платон. Его жизнь и философская деятельность 
464 |t Аристотель. Его жизнь, научная и философская деятельность 
464 |t Анней Сенека. Его жизнь и философская деятельность 
464 |t Джордано Бруно. Его жизнь и философская деятельность  |a Антоновский, Ю. М. 
600 0 |a Сократ  |c древнегреческий философ  |f около 470-399 гг. до н.э.  |2 stltpui  |3 (RuTPU)RU\TPU\pers\432 
600 0 |a Платон  |f 428 или 427-348 или 347 гг. до н.э.  |c древнегреческий философ  |2 stltpui  |3 (RuTPU)RU\TPU\pers\374 
600 0 |a Аристотель  |c древнегреческий философ и учёный-энциклопедист из Стагиры  |f 384-322 гг. до н.э.  |2 stltpui  |3 (RuTPU)RU\TPU\pers\24 
600 1 |a Бруно  |g Джордано  |b Д.  |c итальянский философ и поэт  |f 1548-1600  |2 stltpui  |3 (RuTPU)RU\TPU\pers\52 
600 0 |a Сенека Луций Анней  |c римский политический деятель  |c философ  |c писатель  |c представитель стоицизма  |f около 4 г. до н.э. - 65  |2 stltpush  |3 (RuTPU)RU\TPU\pers\850 
606 1 |a Античная философия  |2 stltpush  |3 (RuTPU)RU\TPU\subj\29253  |9 52631 
610 1 |a биографии 
610 1 |a философия 
610 1 |a средневековая философия 
686 |a Ю3(0)32  |v LBC/SL-A  |2 rubbk 
801 0 |a RU  |b 63413507  |c 20011209  |g PSBO 
801 2 |a RU  |b 63413507  |c 20160422  |g PSBO 
942 |c BK